Software engineering concepts (Record no. 173537)

MARC details
000 -LEADER
fixed length control field 00369nam a2200145Ia 4500
008 - FIXED-LENGTH DATA ELEMENTS--GENERAL INFORMATION
fixed length control field 231217s9999 xx 000 0 und d
041 ## - LANGUAGE CODE
Language code of text/sound track or separate title English
082 ## - DEWEY DECIMAL CLASSIFICATION NUMBER
Classification number 001.6424 FAI
100 ## - MAIN ENTRY--PERSONAL NAME
Personal name Fairley, Richard E
245 #0 - TITLE STATEMENT
Title Software engineering concepts
260 ## - PUBLICATION, DISTRIBUTION, ETC.
Date of publication, distribution, etc. 1985
Name of publisher, distributor, etc. McGraw-Hill,
Place of publication, distribution, etc. NEW YORK
300 ## - PHYSICAL DESCRIPTION
Extent xv+364
650 ## - SUBJECT ADDED ENTRY--TOPICAL TERM
Topical term or geographic name entry element Software engineering
942 ## - ADDED ENTRY ELEMENTS (KOHA)
Koha item type Books
Holdings
Date last seen Total checkouts Full call number Accession number Uniform resource identifier Price effective from Category Lost status Damaged status Department Withdrawn status Home library Current library Shelving location Entry date Vendor Grants Billdate Currency symbol Conversion rate Discount Old discount
26/01/2024   001.6424 FAI 30833 digital/contents/15343.pdf 26/01/2024 Books     MCA   Central Library Central Library MCA 25/11/2004 Publisher MCA 18/04/2007 RS 1    

© For any Suggestions or Query, please contact the library staff @ librarian@pes.edu or Phone: +9180 2672 1983/ 2108.